书目信息 |
| 题名: |
现代电气控制及PLC技术应用项目教程
|
|
| 作者: | 姚茜娅 , 杜祖钧 主编 | |
| 分册: | ||
| 出版信息: | 北京 电子工业出版社 2011 |
|
| 页数: | 310页 | |
| 开本: | 26cm | |
| 丛书名: | ||
| 单 册: | ||
| 中图分类: | TM571.2 | |
| 科图分类: | ||
| 主题词: | 电气控制--高等职业教育--教材 , 可编程序控制器--高等职业教育--教材 | |
| 电子资源: | ||
| ISBN: | 978-7-121-12391-7 | |
| 000 | 01053nam0 2200265 45 | |
| 001 | 1355397421 | |
| 005 | 20130513151114.26 | |
| 010 | @a978-7-121-12391-7@dCNY35.00 | |
| 100 | @a20130108d2011 em y0chiy0110 ea | |
| 101 | 0 | @achi |
| 102 | @aCN@b110000 | |
| 105 | @ay z 000yy | |
| 106 | @ar | |
| 200 | 1 | @a现代电气控制及PLC技术应用项目教程@AXian Dai Dian Qi Kong Zhi Ji PLC Ji Shu Ying Yong Xiang Mu Jiao Cheng@f姚茜娅,杜祖钧主编@FYao Qian Ya, Du Zu Jun Zhu Bian |
| 210 | @a北京@c电子工业出版社@d2011 | |
| 215 | @a310页@d26cm | |
| 300 | @a国家示范性高职院校建设项目成果 高等职业教育教学改革系列规划教材 | |
| 330 | @a本书内容包括:典型低压电气控制电路、常用机电设备电气控制线路分析及故障排除、基本PLC控制单元、简单控制系统、PLC控制柔性生产线系统和PLC控制香精提纯系统等。 | |
| 606 | 0 | @a电气控制@x高等职业教育@j教材 |
| 606 | 0 | @a可编程序控制器@x高等职业教育@j教材 |
| 690 | @aTM571.2@v5 | |
| 701 | 0 | @a姚茜娅@AYao Qian Ya@4主编 |
| 701 | 0 | @a杜祖钧@ADu Zu Jun@4主编 |
| 801 | @aCN@bTANGWEI@c20130109 | |
| 905 | @b0830968-70@dTM571.2@e31@f3 | |
| 现代电气控制及PLC技术应用项目教程/姚茜娅,杜祖钧主编.-北京:电子工业出版社,2011 |
| 310页;26cm |
| 国家示范性高职院校建设项目成果 高等职业教育教学改革系列规划教材 |
| ISBN 978-7-121-12391-7:CNY35.00 |
| 本书内容包括:典型低压电气控制电路、常用机电设备电气控制线路分析及故障排除、基本PLC控制单元、简单控制系统、PLC控制柔性生产线系统和PLC控制香精提纯系统等。 |
| ● |
| 相关链接 |
|
|
|
|
正题名:现代电气控制及PLC技术应用项目教程
索取号:TM571.2/31
 
预约/预借
| 序号 | 登录号 | 条形码 | 馆藏地/架位号 | 状态 | 备注 |
| 1 | 0830968 | 208309686 | 第二样本阅览室/ [索取号:TM571.2/31] | 在馆 | |
| 2 | 0830969 | 208309695 | 第三借阅区/ [索取号:TM571.2/31] | 在馆 | |
| 3 | 0830970 | 208309702 | 第三借阅区/ [索取号:TM571.2/31] | 在馆 |